A list of related Spanih-English words
محفوظ في:
| المؤلف الرئيسي: | |
|---|---|
| التنسيق: | كتاب |
| اللغة: | Undetermined |
| منشور في: |
Alabama, Estados Unidos
University of Alabama
1945
|
| الموضوعات: | |
| الوسوم: |
إضافة وسم
لا توجد وسوم, كن أول من يضع وسما على هذه التسجيلة!
|
MARC
| LEADER | 00000nam a2200000Ia 4500 | ||
|---|---|---|---|
| 008 | 170316s9999 xx 000 0 und d | ||
| 090 | |a 415-I N-6a | ||
| 100 | |a Nunn, Marshall E. | ||
| 245 | 2 | |a A list of related Spanih-English words | |
| 260 | |a Alabama, Estados Unidos | ||
| 260 | |b University of Alabama | ||
| 260 | |c 1945 | ||
| 300 | |a 40 páginas | ||
| 650 | |a GRAMÁTICA INGLESA | ||
| 999 | |c 19476 |d 19476 | ||
| 040 | |a cru BVZT | ||
| 942 | |c 15 D |h 415-I N-6a |2 z | ||
